[Event "SD-2014-0-00208"]
[Site "LSS email"]
[Date "2014.12.15"]
[Round "?"]
[White "Lipsits, Sasha"]
[Black "Michel, Henri"]
[Result "1-0"]
[WhiteElo "1545"]
[BlackElo "1573"]
[PlyCount "39"]
[EventDate "2014.10.19"]
[EventType "tourn (corr)"]
[EventRounds "6"]
[EventCountry "GER"]
[SourceTitle "Corr 2022"]
[Source "ChessBase"]
[SourceDate "2021.10.24"]
[SourceVersion "1"]
[SourceVersionDate "2021.10.24"]
[SourceQuality "1"]

1. e4 c5 2. Nf3 e6 3. d4 cxd4 4. Nxd4 Nc6 5. Nc3 Qc7 6. Be3 a6 7. Be2 Nf6 8. 0-0 Be7 9. f4 d6 10. Qe1 Bd7 11. Qg3 0-0 12. Rad1 b5 13. e5 dxe5 14. fxe5 Ne8 15. Nf3 Rc8 16. Rd2 Na5 17. Ne4 Nc4 18. Bxc4 Qxc4 19. Rxd7 Qxe4 20. Nd2 1-0

[Event "OP-2014-0-03545"]
[Site "LSS email"]
[Date "2014.11.23"]
[Round "?"]
[White "Filippkina, Anna"]
[Black "Michel, Henri"]
[Result "0-1"]
[WhiteElo "1372"]
[BlackElo "1573"]
[PlyCount "22"]
[EventDate "2014.10.28"]
[EventType "tourn (corr)"]
[EventRounds "4"]
[EventCountry "GER"]
[SourceTitle "Corr 2022"]
[Source "ChessBase"]
[SourceDate "2021.10.24"]
[SourceVersion "1"]
[SourceVersionDate "2021.10.24"]
[SourceQuality "1"]

1. e4 c5 2. Nf3 e6 3. d4 cxd4 4. Nxd4 Nc6 5. Nb5 d6 6. c4 a6 7. Nd4 Nf6 8. Nc3 Be7 9. Be2 0-0 10. Be3 Bd7 11. 0-0 Nxd4 0-1

[Event "OP-2014-0-03530"]
[Site "LSS email"]
[Date "2014.10.19"]
[Round "?"]
[White "Michel, Henri"]
[Black "Huseby, Juan Carlos"]
[Result "0-1"]
[WhiteElo "1387"]
[BlackElo "445"]
[PlyCount "58"]
[EventDate "2014.10.15"]
[EventType "tourn (corr)"]
[EventRounds "4"]
[EventCountry "GER"]
[SourceTitle "Corr 2015"]
[Source "ChessBase"]
[SourceDate "2015.07.17"]
[SourceVersion "1"]
[SourceVersionDate "2015.07.17"]
[SourceQuality "1"]

1. d4 e6 2. c4 Bb4+ 3. Nd2 d5 4. a3 dxc4 5. axb4 Qxd4 6. Ngf3 Qd5 7. e4 Qb5 8. Qa4 Qxa4 9. Rxa4 Bd7 10. Ra3 b5 11. Ne5 Ne7 12. Ndf3 Nbc6 13. Nxd7 Kxd7 14. Bd2 f6 15. Be2 e5 16. 0-0 h5 17. Rd1 Ke6 18. Bc3 Rad8 19. Raa1 h4 20. h3 g5 21. Nh2 Ng6 22. Ng4 Nf4 23. Ne3 Nxe2+ 24. Kf1 Ncd4 25. Nd5 g4 26. Ra6+ c6 27. Bxd4 Nxd4 28. Rxa7 gxh3 29. gxh3 cxd5 0-1

[Event "OP-2014-0-03523"]
[Site "LSS email"]
[Date "2014.10.12"]
[Round "?"]
[White "Rada, Karel"]
[Black "Michel, Henri"]
[Result "1-0"]
[WhiteElo "913"]
[BlackElo "1387"]
[PlyCount "41"]
[EventDate "2014.10.07"]
[EventType "tourn (corr)"]
[EventRounds "4"]
[EventCountry "GER"]
[SourceTitle "Corr 2015"]
[Source "ChessBase"]
[SourceDate "2015.07.17"]
[SourceVersion "1"]
[SourceVersionDate "2015.07.17"]
[SourceQuality "1"]

1. e4 c5 2. f4 e6 3. Nc3 Nc6 4. Nf3 d5 5. exd5 exd5 6. d4 Nf6 7. Be3 cxd4 8. Bxd4 Bf5 9. Qe2+ Qe7 10. Bxf6 Qxe2+ 11. Bxe2 gxf6 12. 0-0-0 0-0-0 13. Nxd5 Bh6 14. g3 Rhe8 15. Rhe1 Bg4 16. Nxf6 Rxe2 17. Nxg4 Rxe1 18. Rxe1 Bf8 19. Nge5 Nxe5 20. Nxe5 Re8 21. Kd1 1-0